[Event "GER-ch Net Amateur Gr-A Final"]
[Site "Playchess.com INT"]
[Date "2020.04.18"]
[Round "4"]
[White "Gutheil, Heinrich"]
[Black "Hoegy, Kevin"]
[Result "1-0"]
[WhiteElo "2184"]
[BlackElo "2035"]
[PlyCount "33"]
[EventDate "2020.04.18"]
[EventType "swiss (blitz)"]
[EventRounds "13"]
[EventCountry "GER"]
[SourceTitle "CBM 195 Extra"]
[Source "ChessBase"]
[SourceDate "2020.05.31"]
[SourceVersion "1"]
[SourceVersionDate "2020.05.31"]
[SourceQuality "1"]

1. e4 Nf6 2. Nc3 e5 3. f4 d5 4. fxe5 Nxe4 5. d3 Bb4 6. dxe4 Qh4+ 7. Ke2 Bg4+ 8. Nf3 Bxc3 9. bxc3 dxe4 10. Qd4 exf3+ 11. gxf3 Bxf3+ 12. Kxf3 Qh5+ 13. Qg4 Qxe5 14. Bb5+ c6 15. Re1 Qxe1 16. Qc8+ Ke7 17. Ba3+ 1-0

[Event "GER-ch Net Amateur Gr-A Final"]
[Site "Playchess.com INT"]
[Date "2020.04.18"]
[Round "11"]
[White "Helmer, Christoph"]
[Black "Hoegy, Kevin"]
[Result "0-1"]
[WhiteElo "2132"]
[BlackElo "2035"]
[PlyCount "240"]
[EventDate "2020.04.18"]
[EventType "swiss (blitz)"]
[EventRounds "13"]
[EventCountry "GER"]
[SourceTitle "CBM 195 Extra"]
[Source "ChessBase"]
[SourceDate "2020.05.31"]
[SourceVersion "1"]
[SourceVersionDate "2020.05.31"]
[SourceQuality "1"]

1. e4 Nf6 2. e5 Nd5 3. d4 d6 4. exd6 exd6 5. c4 Nf6 6. Nc3 Be7 7. Nf3 0-0 8. Be2 Bf5 9. 0-0 Nc6 10. d5 Ne5 11. Nxe5 dxe5 12. Be3 Nd7 13. Rc1 a5 14. Nb5 Nc5 15. f4 exf4 16. Bxf4 c6 17. Nc7 Rc8 18. d6 Bg5 19. Bxg5 Qxg5 20. Qd4 Ne6 21. Nxe6 Bxe6 22. c5 Bxa2 23. Rc3 Qd5 24. Qxd5 Bxd5 25. Ra1 Rb8 26. Rxa5 b6 27. cxb6 Rxb6 28. d7 Rd8 29. Ra7 Rxb2 30. Bf3 Rd2 31. Bxd5 Rxd5 32. Rxc6 Kf8 33. Rc8 R5xd7 34. Rxd7 Rxc8 35. h3 g5 36. Ra7 h6 37. Kh2 Kg7 38. Kg3 Rc3+ 39. Kf2 Kg6 40. Ra6+ f6 41. Ra8 h5 42. Rg8+ Kf5 43. Rh8 Rc2+ 44. Kf3 h4 45. Ra8 Rc3+ 46. Kf2 Rd3 47. Ra5+ Ke4 48. Ra4+ Rd4 49. Ra2 f5 50. Ra5 Rb4 51. Rc5 Rb2+ 52. Kf1 Rd2 53. Ra5 Kf4 54. Ra3 Rb2 55. Rf3+ Ke4 56. Ra3 Rd2 57. Ra4+ Rd4 58. Ra5 Rd5 59. Ra4+ Ke3 60. Ra3+ Kf4 61. Rf3+ Ke4 62. Ra3 Rd3 63. Ra4+ Ke3 64. Ra1 Kf4 65. Kf2 Rd2+ 66. Kf1 Rb2 67. Ra4+ Kg3 68. Ra3+ Kh2 69. Rf3 Rxg2 70. Rxf5 Kxh3 71. Rf3+ Rg3 72. Rf2 Ra3 73. Rc2 g4 74. Kf2 g3+ 75. Kf1 Rf3+ 76. Kg1 Ra3 77. Rc1 Ra4 78. Rb1 Kg4 79. Rb8 Ra1+ 80. Kg2 Ra2+ 81. Kg1 Ra5 82. Rb4+ Kh3 83. Rb1 Rf5 84. Rc1 Rd5 85. Rb1 Rd4 86. Rc1 Kg4 87. Ra1 Kf3 88. Ra3+ Ke2 89. Kg2 Rd3 90. Ra8 Re3 91. Rh8 Re4 92. Rh7 Ke3 93. Rf7 Kd4 94. Kh3 Ke3 95. Rf8 Rf4 96. Ra8 Rd4 97. Rf8 Re4 98. Kg2 Rf4 99. Re8+ Kd4 100. Rh8 Rf2+ 101. Kg1 Rh2 102. Rg8 Ke4 103. Rf8 Ke3 104. Rf7 Ra2 105. Rh7 Ra4 106. Kg2 Ra2+ 107. Kg1 Kf3 108. Rf7+ Kg4 109. Rf1 h3 110. Rb1 Rd2 111. Rb4+ Kf3 112. Rb3+ Kf4 113. Rb4+ Ke3 114. Rb3+ Rd3 115. Rb1 Ke2 116. Rb2+ Rd2 117. Rb1 Rd1+ 118. Rxd1 Kxd1 119. Kh1 Ke2 120. Kg1 Kf3 0-1

[Event "GER-ch Net Amateur Gr-A Final"]
[Site "Playchess.com INT"]
[Date "2020.04.18"]
[Round "13"]
[White "Hoegy, Kevin"]
[Black "Peschlow, Patrick"]
[Result "1-0"]
[WhiteElo "2035"]
[BlackElo "2175"]
[PlyCount "65"]
[EventDate "2020.04.18"]
[EventType "swiss (blitz)"]
[EventRounds "13"]
[EventCountry "GER"]
[SourceTitle "CBM 195 Extra"]
[Source "ChessBase"]
[SourceDate "2020.05.31"]
[SourceVersion "1"]
[SourceVersionDate "2020.05.31"]
[SourceQuality "1"]

1. e4 c5 2. Nf3 Nc6 3. d4 cxd4 4. Nxd4 e5 5. Nb5 d6 6. N1c3 a6 7. Na3 b5 8. Nd5 Nge7 9. c4 Nd4 10. Nc2 Nxd5 11. exd5 Bg4 12. Qd2 Nxc2+ 13. Qxc2 g6 14. h3 Bf5 15. Bd3 Bxd3 16. Qxd3 Bg7 17. 0-0 bxc4 18. Qxc4 0-0 19. Be3 f5 20. Rac1 Qa5 21. b4 Qb5 22. Qc6 Qxb4 23. Rb1 Qa3 24. Rb7 e4 25. Qd7 Qc3 26. Bh6 Rfb8 27. Qxg7+ Qxg7 28. Rxg7+ Kh8 29. Rc1 Rc8 30. Rxc8+ Rxc8 31. Rd7 Kg8 32. Rxd6 Rc5 33. Rf6 1-0

[Event "GER-ch Net Amateur Gr-A Final"]
[Site "Playchess.com INT"]
[Date "2020.04.18"]
[Round "10"]
[White "Hoegy, Kevin"]
[Black "Rudolf, Sebastian"]
[Result "1-0"]
[WhiteElo "2035"]
[BlackElo "2160"]
[PlyCount "75"]
[EventDate "2020.04.18"]
[EventType "swiss (blitz)"]
[EventRounds "13"]
[EventCountry "GER"]
[SourceTitle "CBM 195 Extra"]
[Source "ChessBase"]
[SourceDate "2020.05.31"]
[SourceVersion "1"]
[SourceVersionDate "2020.05.31"]
[SourceQuality "1"]

1. e4 d5 2. d3 dxe4 3. dxe4 Qxd1+ 4. Kxd1 g6 5. Be3 Bg7 6. c3 Nf6 7. f3 0-0 8. Nd2 b6 9. Kc2 Bb7 10. a4 c5 11. Ne2 Nc6 12. Nc1 Rfd8 13. Ncb3 Ne5 14. Nc4 Nxc4 15. Bxc4 Nd7 16. a5 Ne5 17. Be2 Nc6 18. Rhd1 Kf8 19. Bb5 Be5 20. a6 Rxd1 21. Rxd1 Bxa6 22. Bxa6 Rb8 23. f4 Bc7 24. Rd7 Bd8 25. Bb5 Na5 26. Nxa5 bxa5 27. c4 Bb6 28. f5 gxf5 29. exf5 f6 30. Bf4 Rc8 31. Kd3 h5 32. Ke4 Kf7 33. Bd6 Re8 34. Rb7 Rd8 35. Rxe7+ Kg8 36. Re6 Kf7 37. Kd5 Rd7 38. Bxd7 1-0

[Event "GER-ch Net Amateur Gr-A Vor2"]
[Site "Playchess.com INT"]
[Date "2020.04.15"]
[Round "8"]
[White "Hoegy, Kevin"]
[Black "Ehrlich, Kay"]
[Result "0-1"]
[WhiteElo "2153"]
[BlackElo "1825"]
[PlyCount "133"]
[EventDate "2020.04.15"]
[EventType "swiss (blitz)"]
[EventRounds "9"]
[EventCountry "GER"]
[SourceTitle "CBM 196 Extra"]
[Source "ChessBase"]
[SourceDate "2020.07.31"]
[SourceVersion "1"]
[SourceVersionDate "2020.07.31"]
[SourceQuality "1"]

1. e4 c5 2. Nf3 d6 3. d4 cxd4 4. Nxd4 Nf6 5. Nc3 a6 6. Bg5 e6 7. f4 Nbd7 8. Bc4 Qc7 9. Bxe6 fxe6 10. Nxe6 Qc4 11. Nxf8 Rxf8 12. Qxd6 Qc6 13. Qxc6 bxc6 14. 0-0-0 Kf7 15. e5 Ng4 16. Ne4 Kg8 17. Rd2 Nb6 18. h3 Ne3 19. Re1 Ned5 20. g3 Bxh3 21. b3 Bf5 22. c4 Nc7 23. Rd6 h6 24. Bh4 Ne6 25. Rxc6 Nd4 26. Rxb6 Nf3 27. Re3 Nxh4 28. gxh4 a5 29. Rb7 Bc8 30. Rc7 Rxf4 31. Nd6 Bg4 32. e6 Rd8 33. e7 Rf1+ 34. Kb2 Rf2+ 35. Ka3 Rb8 36. e8Q+ Rxe8 37. Rxe8+ Kh7 38. Ree7 Kg6 39. Rxg7+ Kh5 40. Ne4 Rf4 41. Rc5+ Bf5 42. Nc3 Rf2 43. Rf7 Kg4 44. Rxa5 h5 45. Nd5 Rf3 46. Rxf5 Kxf5 47. Nb4+ Kg4 48. c5 Kxh4 49. c6 Rc3 50. Rc5 Rxc5 51. Ka4 Kg3 52. Nd3 Rc3 53. Ne5 h4 54. Kb4 Rc1 55. Nc4 Rf1 56. Kc5 Rf8 57. Nd6 h3 58. b4 h2 59. b5 h1Q 60. b6 Qc1+ 61. Kd5 Qd2+ 62. Kc5 Qc3+ 63. Kd5 Qd3+ 64. Kc5 Rd8 65. Nc4 Qd5+ 66. Kb4 Qxc6 67. a4 0-1

[Event "GER-ch Net Amateur Gr-A Vor2"]
[Site "Playchess.com INT"]
[Date "2020.04.15"]
[Round "3"]
[White "Zielinski Backens, Werner"]
[Black "Hoegy, Kevin"]
[Result "0-1"]
[WhiteElo "1665"]
[BlackElo "2153"]
[PlyCount "90"]
[EventDate "2020.04.15"]
[EventType "swiss (blitz)"]
[EventRounds "9"]
[EventCountry "GER"]
[SourceTitle "CBM 196 Extra"]
[Source "ChessBase"]
[SourceDate "2020.07.31"]
[SourceVersion "1"]
[SourceVersionDate "2020.07.31"]
[SourceQuality "1"]

1. d4 d5 2. Bf4 e6 3. e3 Bd6 4. Bg3 Nf6 5. Nd2 c5 6. c3 Qc7 7. Ngf3 Nbd7 8. Bd3 0-0 9. Rc1 e5 10. dxe5 Nxe5 11. Nxe5 Bxe5 12. Bxe5 Qxe5 13. 0-0 b6 14. Qc2 Bb7 15. Nf3 Qh5 16. Be2 Rfe8 17. Rcd1 Ng4 18. h3 Ne5 19. Nd4 Qh6 20. Nf5 Qf6 21. f4 Ng6 22. Bf3 Rad8 23. c4 Ne7 24. Nxe7+ Qxe7 25. Rfe1 dxc4 26. Bxb7 Rxd1 27. Rxd1 Qxb7 28. Qxc4 g6 29. Kf2 Re4 30. Qd3 Qe7 31. Qd8+ Qxd8 32. Rxd8+ Kg7 33. Rd7 Ra4 34. a3 Kf6 35. Kf3 Ke6 36. Rc7 Ra5 37. e4 Rb5 38. Rxa7 Rxb2 39. Ra6 h5 40. a4 Kd6 41. Kg3 c4 42. a5 c3 43. axb6 c2 44. b7+ Kc7 45. Rc6+ Kxc6 0-1

[Event "GER-ch Net Amateur Gr-A Vor1"]
[Site "Playchess.com INT"]
[Date "2020.04.14"]
[Round "5"]
[White "Hoegy, Kevin"]
[Black "Roettig, Hans Peter"]
[Result "1-0"]
[WhiteElo "2118"]
[BlackElo "1887"]
[PlyCount "49"]
[EventDate "2020.04.14"]
[EventType "swiss (blitz)"]
[EventRounds "9"]
[EventCountry "GER"]
[SourceTitle "EXT 2021"]
[Source "ChessBase"]
[SourceDate "2020.10.23"]
[SourceVersion "1"]
[SourceVersionDate "2020.10.23"]
[SourceQuality "1"]

1. e4 c5 2. Nf3 d6 3. d4 cxd4 4. Nxd4 Nf6 5. Nc3 g6 6. Be3 Bg7 7. f3 0-0 8. Bc4 Nc6 9. Qd2 Bd7 10. h4 h5 11. Bb3 Rc8 12. 0-0-0 Ne5 13. Bg5 Rc5 14. Kb1 Re8 15. g4 hxg4 16. h5 Nc4 17. Bxc4 Rxc4 18. hxg6 Nxe4 19. gxf7+ Kxf7 20. fxe4 Rxd4 21. Qf2+ Kg8 22. Rxd4 Bxd4 23. Qxd4 e5 24. Qd5+ Be6 25. Qxe6+ 1-0

[Event "GER-ch Net Amateur Gr-A Vor1"]
[Site "Playchess.com INT"]
[Date "2020.04.14"]
[Round "7"]
[White "Kornitzky, Tino"]
[Black "Hoegy, Kevin"]
[Result "0-1"]
[WhiteElo "2026"]
[BlackElo "2134"]
[PlyCount "118"]
[EventDate "2020.04.14"]
[EventType "swiss (blitz)"]
[EventRounds "9"]
[EventCountry "GER"]
[SourceTitle "EXT 2021"]
[Source "ChessBase"]
[SourceDate "2020.10.23"]
[SourceVersion "1"]
[SourceVersionDate "2020.10.23"]
[SourceQuality "1"]

1. d4 d5 2. c4 c6 3. c5 e5 4. dxe5 Bxc5 5. Nf3 Bg4 6. e3 Nd7 7. Qb3 Qb6 8. Qc2 Bxf3 9. gxf3 Nxe5 10. Be2 Nf6 11. Bd2 0-0 12. a3 Rfe8 13. Nc3 Bd6 14. 0-0-0 Rad8 15. Rhg1 Nc4 16. Bxc4 dxc4 17. f4 Nd5 18. Nxd5 cxd5 19. Bc3 Bf8 20. Qf5 g6 21. Rxd5 Rxd5 22. Qxd5 Rxe3 23. Qxc4 Re6 24. Qd4 Qxd4 25. Bxd4 a6 26. f5 Bh6+ 27. Kb1 Rd6 28. Bc3 Bf4 29. fxg6 hxg6 30. h4 Kh7 31. Re1 Re6 32. Rd1 Rd6 33. Re1 Re6 34. Rd1 Re7 35. Rd8 Be5 36. Bb4 Rc7 37. Rf8 Bg7 38. Re8 b5 39. Re3 Rc6 40. Rf3 Rf6 41. Re3 Rxf2 42. Be7 Rxb2+ 43. Kc1 Bh6 44. Bg5 Bxg5 45. hxg5 Ra2 46. Re7 Kg7 47. Re3 a5 48. Rg3 b4 49. axb4 axb4 50. Kb1 Rf2 51. Rg4 Rf5 52. Rxb4 Rxg5 53. Kc1 Rd5 54. Kc2 g5 55. Kc3 Kg6 56. Kc4 Rd8 57. Rb2 g4 58. Rb6+ Kg5 59. Rc6 f5 0-1

[Event "GER-ch Net Amateur Gr-A Vor1"]
[Site "Playchess.com INT"]
[Date "2020.04.14"]
[Round "8"]
[White "Lenz, Jonas"]
[Black "Hoegy, Kevin"]
[Result "1/2-1/2"]
[WhiteElo "2015"]
[BlackElo "2146"]
[PlyCount "84"]
[EventDate "2020.04.14"]
[EventType "swiss (blitz)"]
[EventRounds "9"]
[EventCountry "GER"]
[SourceTitle "EXT 2021"]
[Source "ChessBase"]
[SourceDate "2020.10.23"]
[SourceVersion "1"]
[SourceVersionDate "2020.10.23"]
[SourceQuality "1"]

1. d4 d5 2. c4 c6 3. Nf3 Nf6 4. Nbd2 Bf5 5. Nh4 Be4 6. Qb3 Qb6 7. Qh3 e6 8. f3 Bc2 9. e3 Nbd7 10. Be2 c5 11. cxd5 Nxd5 12. Nc4 Qc7 13. 0-0 cxd4 14. exd4 Be7 15. Bd2 b5 16. Ne5 Nxe5 17. dxe5 0-0 18. Rac1 Qb6+ 19. Kh1 Rac8 20. f4 Bxh4 21. Qxh4 Be4 22. Qe1 Rxc1 23. Qxc1 Qb7 24. Bf3 Bxf3 25. Rxf3 Rc8 26. Qd1 Qc6 27. Bc3 b4 28. Bd4 a5 29. h3 Qc2 30. Qf1 Qc1 31. Kh2 Qxf1 32. Rxf1 Rc2 33. Rd1 h5 34. Kg3 Kh7 35. Kf3 Kg6 36. g4 hxg4+ 37. hxg4 Rh2 38. Ke4 Re2+ 39. Kf3 Rc2 40. Ke4 Re2+ 41. Kf3 Rc2 42. Ke4 Re2+ 1/2-1/2

[Event "Staufer op 32nd"]
[Site "Schwaebisch Gmuend"]
[Date "2020.01.05"]
[Round "7"]
[White "Hacker, Jonas"]
[Black "Hoegy, Kevin"]
[Result "1/2-1/2"]
[WhiteElo "2375"]
[BlackElo "2244"]
[PlyCount "30"]
[EventDate "2020.01.02"]
[EventType "swiss"]
[EventRounds "9"]
[EventCountry "GER"]
[SourceTitle "CBM 194 Extra"]
[Source "ChessBase"]
[SourceDate "2020.03.31"]
[SourceVersion "1"]
[SourceVersionDate "2020.03.31"]
[SourceQuality "1"]

1. e4 e5 2. Nc3 Nf6 3. g3 d5 4. exd5 Nxd5 5. Bg2 Nxc3 6. bxc3 Bd6 7. Nf3 0-0 8. d3 Nc6 9. 0-0 Bg4 10. Rb1 Rb8 11. Qe1 Qd7 12. Qe4 Bf5 13. Qh4 Ne7 14. Re1 Ng6 15. Qc4 b5 1/2-1/2

[Event "Oberliga Nord W 1819"]
[Site "Germany"]
[Date "2019.02.24"]
[Round "7.4"]
[White "Hoegy, Kevin"]
[Black "Wachinger, Nikolas"]
[Result "0-1"]
[WhiteElo "2279"]
[BlackElo "2306"]
[PlyCount "102"]
[EventDate "2018.10.21"]
[EventType "team-tourn"]
[EventRounds "9"]
[EventCountry "GER"]
[SourceTitle "EXT 2020"]
[Source "ChessBase"]
[SourceDate "2019.10.17"]
[SourceVersion "1"]
[SourceVersionDate "2019.10.17"]
[SourceQuality "1"]
[WhiteTeam "Tostedt"]
[BlackTeam "Werder Bremen II"]
[WhiteTeamCountry "GER"]
[BlackTeamCountry "GER"]

1. d4 Nf6 2. Nf3 g6 3. c4 Bg7 4. Nc3 0-0 5. e4 d6 6. Be2 e5 7. 0-0 Nc6 8. dxe5 dxe5 9. Bg5 Nd4 10. Nxe5 Ne6 11. Bh4 Qxd1 12. Raxd1 Nc5 13. f3 c6 14. Nd3 Ne6 15. Bf2 Nd7 16. Rfe1 Nd4 17. Bf1 Rd8 18. e5 Nf8 19. Nc5 Nde6 20. Rxd8 Nxd8 21. f4 Bf5 22. N5e4 Nd7 23. Nd6 Be6 24. Nce4 h6 25. Bh4 b6 26. Ne8 Kf8 27. Nc7 Rc8 28. Nd6 Rb8 29. Na6 Ra8 30. Nc7 Rb8 31. Bxd8 Rxd8 32. Nxe6+ fxe6 33. Bd3 g5 34. g3 gxf4 35. gxf4 Ke7 36. Re2 Rf8 37. Rg2 Bxe5 38. fxe5 Nxe5 39. Ne4 Nxd3 40. c5 Nxc5 41. Rg7+ Rf7 42. Rxf7+ Kxf7 43. Nd6+ Ke7 44. Nc8+ Kd7 45. Nxa7 Kc7 46. b4 Kb7 47. bxc5 bxc5 48. Nxc6 Kxc6 49. Kf2 Kb5 50. Ke3 e5 51. Kd3 Kb4 0-1

[Event "Oberliga Nord W 1819"]
[Site "Germany"]
[Date "2019.02.03"]
[Round "6.5"]
[White "Hoegy, Kevin"]
[Black "Herrmann, Andreas"]
[Result "1-0"]
[WhiteElo "2279"]
[BlackElo "2156"]
[PlyCount "93"]
[EventDate "2018.10.21"]
[EventType "team-tourn"]
[EventRounds "9"]
[EventCountry "GER"]
[SourceTitle "EXT 2020"]
[Source "ChessBase"]
[SourceDate "2019.10.17"]
[SourceVersion "1"]
[SourceVersionDate "2019.10.17"]
[SourceQuality "1"]
[WhiteTeam "Tostedt"]
[BlackTeam "Hannover SF"]
[WhiteTeamCountry "GER"]
[BlackTeamCountry "GER"]

1. Nf3 Nf6 2. c4 e6 3. d4 c5 4. d5 d6 5. Nc3 a6 6. e4 e5 7. Be2 Be7 8. h3 Nbd7 9. Be3 Nf8 10. Nd2 Ng6 11. g3 0-0 12. h4 Re8 13. h5 Nf8 14. h6 g6 15. f3 Rb8 16. a4 N6d7 17. Nf1 Nb6 18. Qd2 Na8 19. f4 exf4 20. gxf4 Bf6 21. Ng3 Nc7 22. Bd3 Bd7 23. 0-0 b5 24. axb5 axb5 25. e5 bxc4 26. Bxc4 Bh4 27. Nge4 dxe5 28. Bxc5 Bh3 29. fxe5 Rxe5 30. Bd4 Nd7 31. Rxf7 Kxf7 32. Bxe5 Nxe5 33. Qf4+ Bf6 34. d6+ Nxc4 35. dxc7 Qd4+ 36. Kh1 Rc8 37. Ng5+ Kg8 38. Nxh3 Qxf4 39. Nxf4 Bxc3 40. bxc3 Rxc7 41. Ra8+ Kf7 42. Rh8 Rc5 43. Rxh7+ Kf6 44. Rg7 Ne5 45. Rg8 Nf7 46. h7 Rxc3 47. Nd5+ 1-0

[Event "GER CupT 1819 prel3"]
[Site "Bad Schwartau"]
[Date "2019.01.26"]
[Round "1.4"]
[White "Hoegy, Kevin"]
[Black "Zimmermann, Martin"]
[Result "1/2-1/2"]
[WhiteElo "2275"]
[BlackElo "2147"]
[PlyCount "119"]
[EventDate "2019.01.26"]
[EventType "team-k.o."]
[EventRounds "2"]
[EventCountry "GER"]
[SourceTitle "EXT 2021"]
[Source "ChessBase"]
[SourceDate "2020.10.23"]
[SourceVersion "1"]
[SourceVersionDate "2020.10.23"]
[SourceQuality "1"]
[WhiteTeam "Tostedt"]
[BlackTeam "Hamburg Schachfreunde"]
[WhiteTeamCountry "GER"]
[BlackTeamCountry "GER"]

1. d4 d5 2. Nf3 Nf6 3. Bf4 e6 4. e3 c6 5. Nbd2 Be7 6. Bd3 Nbd7 7. h3 0-0 8. 0-0 Re8 9. Bh2 Nf8 10. Ne5 N6d7 11. f4 f6 12. Nef3 Bd6 13. e4 dxe4 14. Nxe4 Bc7 15. Qd2 a5 16. Rae1 Nb6 17. c4 Nbd7 18. Re2 f5 19. Nc3 Nf6 20. Rfe1 a4 21. Qc2 Ba5 22. Rb1 Bxc3 23. Qxc3 Qa5 24. Qxa5 Rxa5 25. Bg3 Rd8 26. Be1 Ra7 27. Kf2 b6 28. Bc3 Ng6 29. g3 h6 30. Ne5 Nxe5 31. fxe5 Ne4+ 32. Bxe4 fxe4 33. Rxe4 Ba6 34. b3 axb3 35. axb3 b5 36. cxb5 Bxb5 37. Ke3 Ra2 38. Rb2 Rxb2 39. Bxb2 Bf1 40. Ba3 Rb8 41. Kf2 Bd3 42. Re3 Rxb3 43. Bc1 Bc4 44. Rxb3 Bxb3 45. Kf3 h5 46. Kf4 Kf7 47. Kg5 g6 48. Ba3 Bd5 49. Bc5 Bg2 50. Kh4 Bf1 51. Bb6 Bg2 52. Bd8 Bf1 53. Bf6 Bg2 54. Bg5 Bf1 55. Bd8 Bg2 56. Bf6 Bf1 57. g4 hxg4 58. Kxg4 Bg2 59. Bg5 Bd5 60. h4 1/2-1/2

[Event "Oberliga Nord W 1819"]
[Site "Germany"]
[Date "2019.01.20"]
[Round "5.5"]
[White "Steingraeber, Kai Uwe"]
[Black "Hoegy, Kevin"]
[Result "0-1"]
[WhiteElo "2037"]
[BlackElo "2279"]
[PlyCount "114"]
[EventDate "2018.10.21"]
[EventType "team-tourn"]
[EventRounds "9"]
[EventCountry "GER"]
[SourceTitle "EXT 2020"]
[Source "ChessBase"]
[SourceDate "2019.10.17"]
[SourceVersion "1"]
[SourceVersionDate "2019.10.17"]
[SourceQuality "1"]
[WhiteTeam "Delmenhorst"]
[BlackTeam "Tostedt"]
[WhiteTeamCountry "GER"]
[BlackTeamCountry "GER"]

1. e4 e5 2. Nf3 Nc6 3. Bc4 Bc5 4. c3 Nf6 5. d4 exd4 6. cxd4 Bb4+ 7. Bd2 Bxd2+ 8. Nbxd2 d5 9. exd5 Nxd5 10. Qb3 Na5 11. Qa4+ Nc6 12. Qb3 Nce7 13. 0-0 0-0 14. Ne4 Nb6 15. Bd3 Be6 16. Qc2 Bd5 17. Rfe1 h6 18. Rad1 c6 19. Ne5 Bxe4 20. Bxe4 Ned5 21. Qe2 Nf6 22. Bb1 Nbd5 23. Qc2 Re8 24. a3 Qd6 25. Rd3 Nf4 26. Qc4 Qd5 27. Qxd5 N6xd5 28. Rdd1 Rad8 29. g3 Ne6 30. Ba2 Ndc7 31. Nf3 Rd6 32. Rd2 Red8 33. Red1 Kf8 34. h4 g5 35. hxg5 Nxg5 36. Nxg5 hxg5 37. Kg2 Nb5 38. d5 Nc7 39. Rh1 Nxd5 40. Bxd5 Rxd5 41. Rh8+ Ke7 42. Re2+ Kf6 43. Rh6+ Kg7 44. Rh1 Rd2 45. Rhe1 R8d3 46. Kh3 Kg6 47. Kg4 f6 48. Kh3 c5 49. Kg4 c4 50. Kh3 b5 51. Kg4 a5 52. Kh3 b4 53. axb4 axb4 54. Kg2 b3 55. Re4 Rc2 56. R1e2 c3 57. bxc3 b2 0-1

[Event "Oberliga Nord W 1819"]
[Site "Germany"]
[Date "2018.10.21"]
[Round "1.6"]
[White "Virag, Attila Aba"]
[Black "Hoegy, Kevin"]
[Result "1-0"]
[WhiteElo "2248"]
[BlackElo "2279"]
[PlyCount "209"]
[EventDate "2018.10.21"]
[EventType "team-tourn"]
[EventRounds "9"]
[EventCountry "GER"]
[SourceTitle "EXT 2020"]
[Source "ChessBase"]
[SourceDate "2019.10.17"]
[SourceVersion "1"]
[SourceVersionDate "2019.10.17"]
[SourceQuality "1"]
[WhiteTeam "Lister Turm"]
[BlackTeam "Tostedt"]
[WhiteTeamCountry "GER"]
[BlackTeamCountry "GER"]

1. e4 e5 2. Nf3 Nc6 3. Bb5 Nf6 4. d3 Ne7 5. 0-0 c6 6. Ba4 Ng6 7. Re1 Bb4 8. c3 Ba5 9. Nbd2 0-0 10. Bb3 Bc7 11. Nf1 d5 12. Ng3 dxe4 13. dxe4 Bg4 14. Bg5 h6 15. Qxd8 Bxd8 16. Bxf6 Bxf6 17. Nd2 Rad8 18. Nc4 Nf4 19. h3 Be6 20. Na5 Bc8 21. Rad1 Nd3 22. Re2 Nc5 23. Red2 Nxb3 24. axb3 g6 25. Nf1 Bg5 26. Ne3 h5 27. Kf1 Rxd2 28. Rxd2 Rd8 29. Ke2 Rxd2+ 30. Kxd2 Be7 31. Kd3 Kf8 32. Ke2 Ke8 33. Nac4 f6 34. g4 hxg4 35. hxg4 b5 36. Nd2 Bc5 37. f3 a6 38. b4 Bb6 39. Nb3 Kf7 40. Nc1 Kg7 41. Nd3 Kh6 42. Nf2 Be6 43. Nh3 Kg7 44. Nf2 Ba7 45. Nd3 Kh6 46. Nc5 Bc8 47. Nd1 Kg5 48. Nf2 Bb8 49. Ncd3 Bd6 50. Ke3 Kh4 51. Nc5 Bf8 52. Nfd3 Bh6+ 53. Kf2 Kh3 54. Nb3 Be6 55. Na5 Bc4 56. Nc5 Bc1 57. b3 Bf7 58. Nxa6 Bd2 59. c4 bxc4 60. bxc4 c5 61. Nxc5 Bxb4 62. Ncb7 Be8 63. c5 Bb5 64. c6 Bc3 65. c7 Bd4+ 66. Ke1 Bd7 67. Nc4 f5 68. gxf5 gxf5 69. Nbd6 Kg3 70. Ke2 fxe4 71. fxe4 Kf4 72. Kd3 Bc5 73. c8Q Bxc8 74. Nxc8 Bd4 75. Ne7 Kg5 76. Nc6 Bg1 77. N6xe5 Kf6 78. Nf3 Bf2 79. Ne3 Bg3 80. Kc4 Ke6 81. Nc2 Bb8 82. Ncd4+ Kf7 83. Kd5 Bf4 84. Ne2 Bb8 85. Ne5+ Kg7 86. Ke6 Kh6 87. Kf5 Kh5 88. Nc3 Bd6 89. Nd5 Kh4 90. Nc4 Bb8 91. Ke6 Bh2 92. Ne5 Kh3 93. Kf5 Kg2 94. Nf4+ Kf1 95. Nf3 Bg3 96. e5 Bf2 97. e6 Bc5 98. Ne5 Ba3 99. Nc4 Bb4 100. Nd5 Bc5 101. Ke5 Bf8 102. Kf6 Bc5 103. Nc3 Bf2 104. Ne4 Bh4+ 105. Ng5 1-0

[Event "GER CupT 1718 prel3"]
[Site "Bad Schwartau"]
[Date "2018.01.13"]
[Round "1.4"]
[White "Hoegy, Kevin"]
[Black "Schwarz, Oliver"]
[Result "1-0"]
[WhiteElo "2269"]
[BlackElo "2122"]
[PlyCount "69"]
[EventDate "2018.01.13"]
[EventType "team-k.o."]
[EventRounds "2"]
[EventCountry "GER"]
[SourceTitle "EXT 2019"]
[Source "ChessBase"]
[SourceDate "2018.10.10"]
[SourceVersion "1"]
[SourceVersionDate "2018.10.10"]
[SourceQuality "1"]
[WhiteTeam "Tostedt"]
[BlackTeam "Bad Schwartau"]
[WhiteTeamCountry "GER"]
[BlackTeamCountry "GER"]

1. d4 d5 2. Nf3 Nf6 3. Bf4 Bf5 4. e3 e6 5. c4 c6 6. Qb3 Qb6 7. Nc3 Bb4 8. c5 Bxc3+ 9. bxc3 Qa5 10. Be2 0-0 11. 0-0 b6 12. Qb4 Qxb4 13. cxb4 Nfd7 14. Rfc1 bxc5 15. bxc5 f6 16. Bd6 Re8 17. Nh4 Bg6 18. Nxg6 hxg6 19. Bd3 Kh7 20. Rab1 e5 21. Rb7 Rc8 22. Rcb1 Re8 23. h4 Kh6 24. Rc7 Nf8 25. Bxf8 Rxf8 26. Rbb7 Rg8 27. Rxa7 Rxa7 28. Rxa7 Rd8 29. Ra8 Rf8 30. a4 exd4 31. exd4 g5 32. hxg5+ Kxg5 33. a5 Re8 34. Kf1 Rh8 35. Ke2 1-0

[Event "Budapest FS11 IM"]
[Site "Budapest"]
[Date "2014.11.05"]
[Round "5"]
[White "Hoegy, Kevin"]
[Black "Szalanczy, Emil"]
[Result "1-0"]
[WhiteElo "2257"]
[BlackElo "2232"]
[PlyCount "131"]
[EventDate "2014.11.01"]
[EventType "tourn"]
[EventRounds "9"]
[EventCountry "HUN"]
[SourceTitle "EXT 2015"]
[Source "ChessBase"]
[SourceDate "2014.11.20"]
[SourceVersion "1"]
[SourceVersionDate "2014.11.20"]
[SourceQuality "1"]

1. Nf3 c5 2. c4 Nc6 3. Nc3 Nf6 4. d4 cxd4 5. Nxd4 e6 6. Ndb5 Bb4 7. Bf4 e5 8. Bg5 d6 9. a3 Bxc3+ 10. Nxc3 Be6 11. e3 Qb6 12. Rb1 h6 13. Bxf6 gxf6 14. Be2 0-0-0 15. 0-0 Ne7 16. b4 Kb8 17. Qd2 Rhg8 18. Rfd1 d5 19. c5 Qc6 20. Bb5 Qc8 21. Bf1 Bg4 22. Be2 Bxe2 23. Qxe2 Qh3 24. Qf1 Rg5 25. Ne4 Rg6 26. Kh1 Qe6 27. Nd6 Nc8 28. Nxc8 Qxc8 29. Rb2 f5 30. Rbd2 Qc6 31. g3 Rg4 32. Qg2 Re4 33. Rd3 a6 34. Kg1 Ka7 35. f3 Rc4 36. Qd2 d4 37. Qe2 h5 38. exd4 Rcxd4 39. Rxd4 exd4 40. Rd3 Qd5 41. Qe7 Rd7 42. Qe8 Qe6 43. Qc8 f4 44. Kg2 f5 45. a4 Qe2+ 46. Kh3 fxg3 47. hxg3 Qf1+ 48. Kh4 Qxd3 49. Qxd7 Qxf3 50. Qxd4 Qe4+ 51. Qxe4 fxe4 52. Kh3 b6 53. cxb6+ Kxb6 54. Kg2 Kc6 55. Kf2 Kd5 56. Ke3 Kc4 57. b5 axb5 58. axb5 Kxb5 59. Kxe4 Kc5 60. Kf5 Kd5 61. Kg6 Ke5 62. Kxh5 Kf5 63. g4+ Kf6 64. Kh6 Kf7 65. g5 Kg8 66. Kg6 1-0

[Event "Oberliga Nord N 1314"]
[Site "Germany"]
[Date "2014.02.09"]
[Round "6.4"]
[White "Hoegy, Kevin"]
[Black "Sieg, Ulrich"]
[Result "1/2-1/2"]
[WhiteElo "2235"]
[BlackElo "2213"]
[PlyCount "40"]
[EventDate "2013.10.13"]
[EventType "team-tourn"]
[EventRounds "9"]
[EventCountry "GER"]
[SourceTitle "EXT 2015"]
[Source "ChessBase"]
[SourceDate "2014.11.20"]
[SourceVersion "1"]
[SourceVersionDate "2014.11.20"]
[SourceQuality "1"]
[WhiteTeam "Hamburger SK III"]
[BlackTeam "Luebeck II"]
[WhiteTeamCountry "GER"]
[BlackTeamCountry "GER"]

1. d4 g6 2. Nf3 Bg7 3. c4 Nf6 4. Nc3 0-0 5. Bg5 d6 6. e3 c5 7. d5 e6 8. Be2 exd5 9. cxd5 h6 10. Bh4 a6 11. a4 b6 12. Nd2 Nbd7 13. Bg3 Qe7 14. 0-0 Rb8 15. h3 Ne8 16. e4 f5 17. exf5 gxf5 18. Re1 f4 19. Bh2 Ne5 20. Nf3 Qf7 1/2-1/2